00425 2200169 4500001002100000005001500021008004100036035001900077041000700096082001000103090001600113100001700129245002000146260004600166300001300212650003000225INLIS00000000001884120241224115559241224||||||||| | ||| |||| || |  0010-1224018841 aid0 a615.5 a615.5 VIJ t0 aVijaya Kumar00aTerapi Matahari atangerangbKarisma Publishing Groupc2009 a96 Hal;; 0akesehatan -- Ilmu Terapan